<?xml version="1.0" encoding="UTF-8"?><?xml-stylesheet type="text/xsl" href="static/style.xsl"?><OAI-PMH xmlns="http://www.openarchives.org/OAI/2.0/" xmlns:xsi="http://www.w3.org/2001/XMLSchema-instance" xsi:schemaLocation="http://www.openarchives.org/OAI/2.0/ http://www.openarchives.org/OAI/2.0/OAI-PMH.xsd"><responseDate>2026-04-29T10:58:49Z</responseDate><request verb="GetRecord" identifier="oai:uvadoc.uva.es:10324/5860" metadataPrefix="marc">https://uvadoc.uva.es/oai/request</request><GetRecord><record><header><identifier>oai:uvadoc.uva.es:10324/5860</identifier><datestamp>2021-06-29T09:56:16Z</datestamp><setSpec>com_10324_38</setSpec><setSpec>col_10324_852</setSpec></header><metadata><record xmlns="http://www.loc.gov/MARC21/slim" xmlns:doc="http://www.lyncode.com/xoai" xmlns:xsi="http://www.w3.org/2001/XMLSchema-instance" xmlns:dcterms="http://purl.org/dc/terms/" xsi:schemaLocation="http://www.loc.gov/MARC21/slim http://www.loc.gov/standards/marcxml/schema/MARC21slim.xsd">
<leader>00925njm 22002777a 4500</leader>
<datafield tag="042" ind1=" " ind2=" ">
<subfield code="a">dc</subfield>
</datafield>
<datafield tag="720" ind1=" " ind2=" ">
<subfield code="a">Calle Martín, Javier</subfield>
<subfield code="e">author</subfield>
</datafield>
<datafield tag="260" ind1=" " ind2=" ">
<subfield code="c">2014</subfield>
</datafield>
<datafield tag="520" ind1=" " ind2=" ">
<subfield code="a">En este Trabajo de Fin de Grado (TFG) se muestra y evalúa una intervención educativa&#xd;
desde el área de Educación Física en un centro rural y la importancia de establecer&#xd;
relaciones interdisciplinares entre las distintas áreas que componen el currículo en&#xd;
Educación Primaria.&#xd;
Mostraremos en nuestro trabajo como las Actividades Físicas en el Medio Natural&#xd;
(AFMN) son el eje vertebrador de las relaciones interdisciplinares establecidas entre el área de EF, con otras áreas como conocimiento del medio, expresión artística y lengua castellana. Estas actividades por tanto no son entendidas como fin en si mismas sino como medio de aprendizaje, valorando así las grandes posibilidades educativas del entorno y del medio natural como aula para el proceso de enseñanza-aprendizaje.&#xd;
Además destacaremos también que las AFMN son un instrumento magnifico para&#xd;
conseguir un aprendizaje significativo y motivante así como para el desarrollo de temas transversales del currículo como la educación ambiental y la educación en valores.</subfield>
</datafield>
<datafield tag="024" ind2=" " ind1="8">
<subfield code="a">http://uvadoc.uva.es/handle/10324/5860</subfield>
</datafield>
<datafield ind1=" " ind2=" " tag="653">
<subfield code="a">Educación física – Estudio y enseñanza (Primaria)</subfield>
</datafield>
<datafield ind1=" " ind2=" " tag="653">
<subfield code="a">Educación en valores</subfield>
</datafield>
<datafield ind1=" " ind2=" " tag="653">
<subfield code="a">Educación ambiental-Estudio y enseñanza</subfield>
</datafield>
<datafield tag="245" ind1="0" ind2="0">
<subfield code="a">La naturaleza como aula de aprendizaje en una escuela rural desde un enfoque interdisciplinar</subfield>
</datafield>
</record></metadata></record></GetRecord></OAI-PMH>